|
|
|
|
| LEADER |
01568nam a22003617a 4500 |
| 001 |
mzk03001026959 |
| 003 |
CZ BrMZK |
| 005 |
20181029213234.0 |
| 007 |
ta |
| 008 |
050822s1585 gw fr|||||00| ||latod |
| 040 |
|
|
|a BOA001
|b cze
|c BOA001
|
| 072 |
|
7 |
|a 094
|x Staré tisky
|2 Konspekt
|9 12
|
| 080 |
|
|
|a (0.068)094
|2 MRF
|
| 100 |
1 |
|
|a Nannus, Dominicus Mirabellius,
|d 15./16. stol.
|4 aut
|
| 245 |
1 |
0 |
|a Polyanthea, hoc est, Opus svavissimvs floribus celebriorum sententiarum tam Graecarum quam Latinarum, exornatum, quos ... collegere ... /
|c atque Bartholomaeus Amantius. Quibus accessere recenti hac aeditione selectissimae Francisci Tortij sententiae ...
|
| 260 |
|
|
|a Coloniae :
|b Maternus Cholinus,
|c 1585
|
| 300 |
|
|
|a [14], 1039 s. ;
|c 2°
|
| 500 |
|
|
|a Výzdoba: Signet, viněta, iniciály
|
| 510 |
3 |
|
|a ICCU
|
| 510 |
4 |
|
|a VD16,
|c N 73
|u http://gateway-bayern.de/VD16+N+73
|
| 655 |
|
7 |
|a staré tisky
|7 fd422076
|2 czenas
|
| 700 |
1 |
|
|a Amantius, Bartholomäus,
|d 1505-1576
|7 ola2008452210
|4 pbl
|
| 700 |
1 |
|
|a Torti, Francisco,
|d činný 16. století
|7 ola2010587707
|4 aut
|
| 856 |
4 |
2 |
|u http://mdz-nbn-resolving.de/urn:nbn:de:bvb:12-bsb10149020-6
|y Digitalizovaný dokument
|z exemplář Bayerische Staatsbibliothek, sign. 2 P.lat. 1075
|
| 903 |
|
|
|a RP
|
| 910 |
|
|
|a BOA001
|b MP-0000.157
|
| 978 |
|
|
|b Cholinus, Maternus
|a Köln a.R.
|c 1585
|
| 984 |
|
|
|a Kolín nad Rýnem
|b Německo
|
| 985 |
|
|
|a 1551-1600
|
| 990 |
|
|
|a BK
|
| 993 |
|
|
|a Y
|
| 991 |
|
|
|k mzk
|
| 996 |
6 |
|
|b 2610399754
|c MP-0000.157
|l stud. ST
|r Sklad / do násl. otevíracího dne
|n 0
|w 001026959
|u 000010
|a 1
|e BOA001
|s P
|